| 000 | 00456nam a2200169Ia 4500 | ||
|---|---|---|---|
| 003 | GCL | ||
| 008 | 140319s9999 xx 000 0 eng d | ||
| 040 |
_aGCL / _cGCL |
||
| 082 | 0 | 4 |
_a615.781 _bP M |
| 100 | 1 | _aPINNOCK, COLIN A. | |
| 245 | 1 | 0 |
_aM C Q TUTOR IN ANAESTHESIA PART 1 FRCA / _cPINNOCK, COLIN A. |
| 700 | 1 | _aJONES, ROBERT P. | |
| 260 |
_a[S.N] : _bCHURCHILL LIVINGSTONE ، _c1994 |
||
| 300 | _a218 P | ||
| 650 | 0 | 4 | _aANESTHESIA |
| 942 |
_2ddc _cBK |
||
| 999 |
_c21439 _d21439 |
||